000
00214 a2200097 4500
001
23492
100
_a
remaine, H M
245
_a
Developments in heat transfer
260
_a
`
_b
Arnold
_c
1964
090
_c
15882
_d
15882
942
_a
NUST-CAE
_c
M
_c
6538
999
_c
258565
_d
258565